000 00669nam a2200241 i 4500
001 bg
100 1 _aDUMNICKI, Robert
245 1 0 _aAnaliza i projektowanie obiektowe /
_cRobert Dumnicki, Artur Kasprzyk, Mariusz Kozłowski.
260 _aGliwice :
_bHELION,
_c1998.
300 _a266 s. :
_brys. ;
_c24 cm.
504 _aIndeks.
650 9 _aProgramowanie
_xmetody
650 9 _aSystemy informatyczne
_xprojekty
700 1 _aKASPRZYK, Artur
700 1 _aKOZŁOWSKI, Mariusz
020 _a8371970528
040 _cBPK
041 0 _apl
080 _a004.41:004.045
920 _a83-7197-052-8
942 _cKS
008 s pl f |000 0 pol
999 _c34482
_d34482
856 _uhttp://koha.tu.koszalin.pl/cgi-bin/koha/opac-detail.pl?biblionumber=34482
_yKatalog online BPK